[Event "SVK-ch U14"]
[Site "Liptovsky Mikulas"]
[Date "2016.04.23"]
[Round "9"]
[White "Seman, Lukas"]
[Black "Bielik, Jakub"]
[Result "0-1"]
[WhiteElo "1498"]
[BlackElo "1596"]
[PlyCount "58"]
[EventDate "2016.04.16"]
[EventType "swiss"]
[EventRounds "9"]
[EventCountry "SVK"]
[SourceTitle "CBM 172 Extra"]
[Source "ChessBase"]
[SourceDate "2016.06.21"]
[SourceVersion "1"]
[SourceVersionDate "2016.06.21"]
[SourceQuality "1"]

1. e4 e6 2. d3 d5 3. Nd2 Nf6 4. Ngf3 Nc6 5. g3 dxe4 6. dxe4 e5 7. Bb5 Bd7 8. Qe2 Bd6 9. Nc4 Qe7 10. Bg5 0-0 11. 0-0 h6 12. Bd2 a6 13. Nxd6 Qxd6 14. Bc4 Bg4 15. Be3 Nd4 16. Bxd4 Bxf3 17. Qxf3 Qxd4 18. Bd3 Qxb2 19. Rfe1 Qc3 20. Rab1 b5 21. h4 c5 22. Qd1 Rfd8 23. Qc1 c4 24. Bf1 Rd2 25. Rb2 Rad8 26. Bg2 Ng4 27. Rf1 Re2 28. Bh3 Nxf2 29. Bg2 Qxg3 0-1

[Event "SVK-ch U14"]
[Site "Liptovsky Mikulas"]
[Date "2016.04.18"]
[Round "3"]
[White "Seman, Lukas"]
[Black "Holly, Andrej"]
[Result "0-1"]
[WhiteElo "1498"]
[BlackElo "1778"]
[PlyCount "76"]
[EventDate "2016.04.16"]
[EventType "swiss"]
[EventRounds "9"]
[EventCountry "SVK"]
[SourceTitle "CBM 172 Extra"]
[Source "ChessBase"]
[SourceDate "2016.06.21"]
[SourceVersion "1"]
[SourceVersionDate "2016.06.21"]
[SourceQuality "1"]

1. e4 c5 2. Nc3 Nc6 3. Nf3 Nf6 4. Bc4 g6 5. d4 cxd4 6. Nxd4 Bg7 7. Nxc6 bxc6 8. e5 Ng8 9. Qf3 e6 10. Bf4 Qa5 11. Qe3 Ne7 12. 0-0 Nd5 13. Bxd5 cxd5 14. Ne2 Ba6 15. Rfe1 Qb4 16. Bg5 Bxe2 17. Qxe2 h6 18. Bf6 Bxf6 19. exf6 Qxb2 20. c4 Qxe2 21. Rxe2 dxc4 22. Rc2 d5 23. Rb1 Rc8 24. Rcb2 c3 25. Rc2 Kd7 26. Rb7+ Ke8 27. Re7+ Kf8 28. Rxa7 d4 29. Kf1 Ke8 30. Re7+ Kd8 31. Rxf7 d3 32. Rc1 d2 33. Rd1 Rc7 34. Rxc7 Kxc7 35. Ke2 c2 36. Rxd2 c1Q 37. f7 Rf8 38. Kd3 Rxf7 0-1

[Event "SVK-ch U12"]
[Site "Tatralandia"]
[Date "2015.04.20"]
[Round "4"]
[White "Sandor, Martin"]
[Black "Seman, Lukas"]
[Result "1-0"]
[WhiteElo "1700"]
[BlackElo "1216"]
[PlyCount "83"]
[EventDate "2015.04.18"]
[EventType "swiss"]
[EventRounds "9"]
[EventCountry "SVK"]
[SourceTitle "CBM 166 Extra"]
[Source "ChessBase"]
[SourceDate "2015.06.18"]
[SourceVersion "1"]
[SourceVersionDate "2015.06.18"]
[SourceQuality "1"]

1. e4 e5 2. Nf3 Nf6 3. Nc3 Nc6 4. Bb5 Nd4 5. Nxd4 exd4 6. e5 Qe7 7. 0-0 dxc3 8. exf6 Qxf6 9. dxc3 Be7 10. Be3 c6 11. Bd3 0-0 12. Qh5 h6 13. Rfe1 Re8 14. Bd4 Qf4 15. g3 Qg5 16. Qxg5 hxg5 17. Bc5 Kf8 18. Rxe7 Rxe7 19. Re1 d6 20. Bxd6 Be6 21. Bxe7+ Kxe7 22. Bc4 Rd8 23. Bxe6 fxe6 24. Re2 Kf6 25. Kg2 Kf5 26. f3 e5 27. Kf2 c5 28. Ke3 c4 29. Rd2 Rxd2 30. Kxd2 g4 31. Ke3 e4 32. f4 g6 33. a3 b6 34. a4 a6 35. Kd4 b5 36. axb5 axb5 37. Ke3 g5 38. fxg5 Kxg5 39. Kxe4 Kf6 40. Kf4 Ke6 41. Kxg4 Ke5 42. Kf3 1-0

[Event "Humenne Reinter op"]
[Site "Humenne"]
[Date "2015.??.??"]
[Round "1"]
[White "Pcola, Jaroslav"]
[Black "Seman, Lukas"]
[Result "1-0"]
[WhiteElo "1974"]
[BlackElo "1461"]
[PlyCount "33"]
[EventDate "2015.06.12"]
[EventType "swiss"]
[EventRounds "7"]
[EventCountry "SVK"]
[SourceTitle "CBM 167 Extra"]
[Source "ChessBase"]
[SourceDate "2015.09.14"]
[SourceVersion "1"]
[SourceVersionDate "2015.09.14"]
[SourceQuality "1"]

1. e4 e5 2. Nf3 Nf6 3. Nc3 Nc6 4. Bc4 Nxe4 5. Bxf7+ Kxf7 6. Nxe4 Be7 7. d4 exd4 8. Nxd4 Re8 9. 0-0 Kg8 10. Nxc6 bxc6 11. Qh5 Bf6 12. Ng5 h6 13. Nf3 Qe7 14. Bxh6 gxh6 15. Rae1 Qxe1 16. Rxe1 Rxe1+ 17. Nxe1 1-0

[Event "SVK-ch U12"]
[Site "Stara Lubovna"]
[Date "2014.04.10"]
[Round "7"]
[White "Stolar, Pavol"]
[Black "Seman, Lukas"]
[Result "0-1"]
[WhiteElo "1172"]
[BlackElo "1000"]
[PlyCount "34"]
[EventDate "2014.04.05"]
[EventType "swiss"]
[EventRounds "9"]
[EventCountry "SVK"]
[SourceTitle "EXT 2016"]
[Source "ChessBase"]
[SourceDate "2015.10.08"]
[SourceVersion "1"]
[SourceVersionDate "2015.10.08"]
[SourceQuality "1"]

1. c4 e5 2. Nc3 Nf6 3. g3 Bc5 4. Bg2 d6 5. e3 0-0 6. Nge2 Be6 7. Bxb7 Nc6 8. Bxa8 Qxa8 9. b3 Nb4 10. 0-0 Bh3 11. e4 Bxf1 12. Kxf1 Nxe4 13. Nxe4 Qxe4 14. h3 Qf3 15. d4 Bxd4 16. Nxd4 Qxd1+ 17. Kg2 Qxd4 0-1